000 00254nam a2200109Ia 4500
008 200302s9999 xx 000 0 und d
100 _aAuthor
245 _aWater and the Landscape
260 _bTata Mcgraw-Hill Co. Inc.
260 _c1979
300 _a193 P.,
999 _c113
_d113